000 01655nam a22002537a 4500
005 20260212115706.0
008 260212b |||||||| |||| 00| 0 eng d
020 _a9789386668479
040 _cAL
041 _aEnglish
082 _a342.54
_bSINC
100 _aShubham Singla ;[et.al]
_9254526
245 _aConstitution of India professional ethics and human rights
260 _aAustralia
_bCengage learning India Pvt.Ltd
_c2019
300 _a304 p.
_bPB
_c24x18 cm.
365 _aMAA4-5216326
_b₹375.00
_c
_d₹375.00
_f29-01-2026
520 _aConstitution of India, Professional Ethics and Human Rights is a fundamental book for all those who are seeking to learn about the Constitution of India, identify individual role and ethical responsibility towards society, and understand basic human rights in India and their implications. This book caters to students who are preparing for all types of State/National/Public sector examinations and all other general competitive examinations. At the end of chapters, practice questions with answer keys are given. The concepts are explained in simple and lucid manner for easy understanding of the students and with the perspective of taking up all upcoming competitive examinations. The book ensures coverage of the syllabus in entirety with newly inserted topics about professional ethics/integrity/engineering standards and intellectual property rights (IPR) information......
650 _aConstitution
_9254524
650 _aHuman rights
_9254525
700 _aHarris,Charles E
_9254527
700 _aPritchard,Michael S
_9254528
700 _aRabins,Michael J
_9254529
942 _2ddc
_cBK
999 _c240889
_d240889